• 首页
  • 本馆介绍
  • 公告通知
  • 最新文献
  • 馆藏检索
  • 电子资源
  • 读者导购
  • 参考咨询
  • 我的图书馆
  • 登录
  • 详细信息显示
  • 放入我的书架
  • 预约/预借图书
  • 作者相关作品
  • 分类相关作品
  • 丛书相关作品
  • 出版社相关作品

书目信息

  • 表格格式
  • 工作单格式
  • 卡片格式
题名:
环境美化手册
    
 
作者: 孟庆武 , 檀馨 , 俞善福 , 杨松龄 编
分册:  
出版信息: 北京   中国青年出版社  1985
页数: 512页
开本: 19cm
丛书名:
单 册:
中图分类: S731.5 , S73-62
科图分类:
主题词: 环境-绿化--手册 , 绿化-环境--手册 , 绿化
电子资源:
ISBN:
000 00853nam0 2200325 45
001 0185007307
005 20040521102927.4
010    @dCNY2.15
091    @a7009.323
100    @a19900918d1985 em y0chiy0121 ea
101 0  @achi
102    @aCN@b110000
105    @af z 000yy
106    @ar
200 10 @a环境美化手册@Ahuan jing mei hua shou ce@f孟庆武等编
210    @a北京@c中国青年出版社@d1985
215    @a512页@c图@d19cm
300    @a附500幅插图
606    @a环境-绿化@x手册
606    @a绿化-环境@x手册
606 0  @a绿化
690    @aS731.5@v3
690    @aS73-62
701  0 @a孟庆武@Ameng qing wu@4编
701  0 @a檀馨@Atan xin@4编
701  0 @a俞善福@Ayu shan fu@4编
701  0 @a杨松龄@Ayang song ling@4编
801  0 @aCN@b深圳图书馆@c20040521
801  2 @aCN@bNLC@c20040521
905    @f2@b139585-586@dS73-62@e5
    
    环境美化手册/孟庆武等编.-北京:中国青年出版社,1985
    512页:图;19cm
    附500幅插图
    
    ISBN :CNY2.15
    
●
相关链接 在E读中查询图书 在五车中查询图书 在当当中查询图书 在豆瓣中查询图书


正题名:环境美化手册     索取号:S73-62/5         预约/预借

序号 登录号 条形码 馆藏地/架位号 状态 备注
1 0139585   000717629   密集书库/ [索取号:S73-62/5] 在馆    
2 0139586   000717610   密集书库/ [索取号:S73-62/5] 在馆    
3 0139587   202446521   第二样本阅览室/ [索取号:S73-62/5] 在馆    
唐山师范学院图书馆 欢迎您!
大连网信软件有限公司© 版权所有